000 00908nam a2200265 i 4500
001 bg
100 1 _aŚwitoński, Aleksander.
245 1 0 _aKształtowanie struktury i wytrzymałości betonu =
_bConcrete structure and strenght forming /
_cAleksander Świtoński.
246 3 1 _aConcrete structure and strenght forming
260 _aOpole :
_bWSI,
_c1993.
300 _a163 s. :
_bwykr. ;
_c24 cm.
490 1 _aStudia i Monografie / Wyższa Szkoła Inżynierska w Opolu,
_x0239-5991 ;
_vz. 68
504 _aBiblliogr. s. 155-159.
650 9 _aWytrzymałość materiałów
650 9 _aBeton
650 9 _aCement
710 _aWyższa Szkoła Inżynierska (Opole)
830 0 _aStudia i Monografie (Wyższa Szkoła Inżynierska w Opolu) ;
_vz. 68
040 _cBPK
041 _apol
080 _a666.97/.98
080 _a539.3/.6
942 _cKS
008 s pl f |000 0 pol
999 _c30019
_d30019
856 _uhttp://koha.tu.koszalin.pl/cgi-bin/koha/opac-detail.pl?biblionumber=30019
_yKatalog online BPK